Responses for show #3083 - Wednesday, January 14, 1998

Contestants

[<< previous game]

Marcia Noe, a professor of English from Harrison, Tennessee

Tom Barrett, a chiropractor from Riva, Maryland

Chris Marker, an airline pilot from New Fairfield, Connecticut (whose 2-day cash winnings total $14,500)

[next game >>]

Jeopardy! Round responses

CARIBBEAN CAPITALS
BOOKS OF THE '20s
CARTOONS
TRANSPORTATION
THE RODEO
STARTS WITH 2 VOWELS
    $100 12
San Juan

Tom
    $100 8
Ernest Hemingway

Tom
    $100 2
Toy Story

Tom
    $100 1
AAA

Tom
    $100 26
Las Vegas

Tom
    $100 13
easel

Tom
    $200 19
Grenada

Marcia
    $200 7
Emily Post

Chris
    $200 3
Beavis & Butt-head

Marcia
    $200 18
Panama Canal

Tom
    $200 27
a rodeo clown

Chris
    $200 14
ounce

Chris
    $300 20
British Virgin Islands

Chris
    $300 6
(Chris: Who is Lamarque?)

Erich Maria Remarque

ChrisMarcia
    $300 9
Teenage Mutant Ninja Turtles

Tom
    $300 23
(Alex: We have about a minute to go.)

Interstate Commerce Commission

Triple Stumper
    $300 28
(Chris: What is the gate?)
[The end-of-round signal sounds.]

Chute

Chris
Triple Stumper
    $300 15
oar

Tom
    $400 21
Santo Domingo

Chris
    $400 5
William Faulkner

Marcia
    $600 10
[Image of Lil, Phil, Chuckie & Tommy]
(Alex: I know [my daughter] Emily could have answered that one!)

Rugrats

Tom
    $400 24
(Chris: What is the Queen Elizabeth I?)

the QE2

ChrisTom
    $400 16
(Tom: What are Asia and Australia?)

Australia & Europe

ChrisTom
    $500 22
Amsterdam

Triple Stumper
    $500 4
the Archbishop

Marcia
    $500 11
Kevin Bacon

Triple Stumper
    $500 25
Vancouver

Chris
    $500 17
Ionic

Chris

Scores at the first commercial break (after clue 15):

Chris Tom Marcia
$100 $1,700 $1,400

Scores at the end of the Jeopardy! Round:

Chris Tom Marcia
$1,700 $2,000 $1,600

Double Jeopardy! Round responses

HISTORIC AMERICANS
WEIGHTS & MEASURES
CAR TUNES
BIRDS DO IT
"B"s DO IT
LET'S FALL IN LOVE
    $200 12
Betsy Ross

Chris
    $200 17
X

Chris
    $200 2
Mercedes-Benz

Tom
    $200 25
wings

Tom
    $200 8
bowlers

Chris
    $200 7
puppy love

Tom
    $400 16
Samuel Colt

Tom
    $400 20
(Tom: What is a knot?)

a nautical mile

ChrisTom
    $1,500 3
(Alex: From the Beach Boys song "We'll Have Fun, Fun, Fun Until Her Daddy Takes the [*] Away".)

T-Bird (Thunderbird)

Tom
    $400 26
roadrunners

Chris
    $400 9
barkers

Marcia
    $400 28
Amour

Chris
    $600 11
Georgia

Tom
    $600 18
grit

Triple Stumper
    $600 4
Cadillac

Tom
    $600 15
swift

Marcia
    $600 24
(Alex: We have less than a minute.)

brakemen

Tom
    $3,000 29
[The end-of-round signal sounds.]

narcissism

Chris
    $800 10
Susan B. Anthony

Marcia
    $800 19
(Chris: What is a hectacre?)

a hectare

ChrisTom
    $800 5
Buick

Triple Stumper
    $800 14
booby

Chris
    $800 27
barristers

Chris
    $1000 1
Salmon P. Chase

Tom
    $1000 21
bricks

Marcia
    $1000 6
"Little Red Corvette"

Tom
    $1000 13
(Chris: What is a kingfisher?)

eider

Chris
Triple Stumper
    $1000 23
bassoons

Tom
    $1000 22
kama

Chris

Scores at the end of the Double Jeopardy! Round:

Chris Tom Marcia
$7,300 $9,700 $4,400

[wagering suggestions for these scores]

Final Jeopardy! Round responses

WORLD LEADERS
MarciaWho is Kohl
$4,399
ChrisWho is Chirac?
$7,299
TomWho is Kole?
$8,500
Helmut Kohl (of Germany)

Final scores:

Chris Tom Marcia
$1 $18,200 $8,799
3rd place: a pair of Wittnauer Montego watches New champion: $18,200 2nd place: a trip to Buena Vista Palace Resort & Spa, Walt Disney World, Florida

Game dynamics:

Coryat scores:

Chris Tom Marcia
$4,900 $8,400 $4,400
18 R
(including 1 DD),
5 W
23 R
(including 2 DDs),
2 W
9 R,
0 W

Combined Coryat: $17,700

The J! Archive is created by fans, for fans. The Jeopardy! game show and all elements thereof, including but not limited to copyright and trademark thereto, are the property of Jeopardy Productions, Inc. and are protected under law. This website is not affiliated with, sponsored by, or operated by Jeopardy Productions, Inc. Join the discussion at JBoard.tv.